000 02018nam0a2200373 i 4500
001 RU\NLR\BIBL_A\010734756
005 20260408075759.0
010 _a9785738915765
021 _aRU
_b2015-15883
_9956
035 _a(NILC)RuMoRGB-007885612
035 _a(NLR Aleph) 010734756
090 _a9877725
_c9877725
100 _a20150421d2014 km y0rusy50 ca
101 0 _arus
102 _aRU
105 _aa|||z|||001yy
200 1 _aУголовно-правовые аспекты борьбы с преступлениями против личности
_f[Ф.М. Абубакиров, Е.В. Бак, А.В. Ким и др.]
_gпод ред д.ю.н. В.Е. Степенко
_gМ-во образования и науки Рос. Федерации, Федер. гос. бюджет. образоват. учреждение высш. проф. образования "Тихоокеан. гос. ун-т"
210 _aХабаровск
_cИзд-во ТОГУ
_d2014
215 _a291 с.
_d21
300 _aАвт. указаны на обороте тит. л.
320 _aБиблиогр. в конце гл.
606 1 _aПреступления против личности
_xПредупреждение
_yРоссийская Федерация
_92610524
_3RU\NLR\AUTH\661547082
610 0 _aпреступления против личности
686 1 _aХ628.322.113
701 1 _aАбубакиров
_bФ. М.
_f1961-
_gФархат Марсимович
701 1 _aБак
_bЕ.В.
_gЕвгения Владимировна
701 1 _aКим
_bА.В.
_gАлександра Владимировна
702 1 _aСтепенко
_bВ. Е.
_f1951-
_gВалерий Ефремович,
_4340
712 0 2 _4570
_aТихоокеанский государственный университет
_cХабаровск
_3RU\NLR\AUTH\8810082380
_9666936
801 0 _aRU
_bРГБ
_c20150312
_gRCR
942 _cBOOK
980 _aNBR